Six Degrees of Separation - Football Clubs - Statistics

General Stats
  • This quiz has been taken 2,497 times
  • The average score is 12 of 24
Answer Stats
Hint Connection Answer % Correct
Group 1 Spanish side with the most Champions League titles Real Madrid
100%
Group 1 Whose rivalry with this team is called El Clásico FC Barcelona
99%
Group 3 Manchester club that is currently managed by Pep Guardiola Manchester City
88%
Group 1 Who signed a Dutch midfielder in January 2019 from... Ajax
86%
Group 3 Who is the second team to manage a Premier League 3-peat after... Manchester United
82%
Group 1 Who sold Zlatan Ibrahimović to Serie A club... Juventus
80%
Group 3 Who sold Ángel Di María to Ligue 1 side... Paris Saint-Germain
77%
Group 4 Biggest Eredivisie club in Eindhoven PSV Eindhoven
74%
Group 2 French club with the second most Ligue 1 titles Saint-Étienne
46%
Group 2 Who lost to this German side in the 1975/76 European Cup final in Glasgow Bayern Munich
42%
Group 2 Who loaned Ivan Perišić from this Italian side in August 2019 Inter Milan
42%
Group 2 Who shares the same stadium with... AC Milan
41%
Group 2 Who bought Olivier Giroud from this English side in July 2021 Chelsea
41%
Group 1 Whose black and white jersey are inspired by English League Two side... Notts County
36%
Group 4 Who bought Dutch striker Luuk de Jong from _______ in July 2022 Sevilla
32%
Group 1 Who are rivals with this club where they are separated by River Trent Nottingham Forest
30%
Group 2 Who replaced their German manager at the beginning of the 22/23 campaign with an English manager from... Brighton & Hove Albion
29%
Group 3 Who bought Marquinhos from... AS Roma
28%
Group 3 Whose biggest rival of the same city is... Everton
27%
Group 3 Who sold Alisson to ______ in July 2018 Liverpool
27%
Group 4 Whose rivalry with _______ is often considered as LaLiga's best rivalry Real Betis
26%
Group 4 Who loaned Ayoze Pérez from Premier League club... Leicester City
21%
Group 4 Who became the second non-Big6 club to win the Premier League after... Blackburn Rovers
19%
Group 4 Who sold Alan Shearer to ________ in July 1996 with a then world record fee of £15 million Newcastle United
19%
No matching quizzes found
Score Distribution
Percent of People with Each Score
Percentile by Number Answered
Your Score History
You have not taken this quiz